CPD: fire safety issues (Record no. 66759)
[ view plain ]
| 000 -LEADER | |
|---|---|
| fixed length control field | 01216cam a2200229 4500 |
| 001 - CONTROL NUMBER | |
| control field | ABS63862 |
| 008 - FIXED-LENGTH DATA ELEMENTS--GENERAL INFORMATION | |
| fixed length control field | 000000n2001 000 0 eng u |
| 035 ## - SYSTEM CONTROL NUMBER | |
| System control number | (Sirsi) u112099 |
| 100 ## - MAIN ENTRY--PERSONAL NAME | |
| Personal name | Grinfeld, A. |
| 245 ## - TITLE STATEMENT | |
| Title | CPD: fire safety issues |
| 260 ## - PUBLICATION, DISTRIBUTION, ETC. | |
| Date of publication, distribution, etc. | 2001 |
| 490 ## - SERIES STATEMENT | |
| Series statement | Construction Manager |
| Volume/sequential designation | March 2001, 43-46(4) |
| 520 ## - SUMMARY, ETC. | |
| Summary, etc. | Describes the processes and mechanics of fire spread and the essential legislative fire safety framework that needs to be considered by the construction industry. Mentions Approved Document B of the Building Regulations 1991 and its most recent revision which came into effect in July 2000. The Fire Precautions (Workplace) (Amendment) Regulations 1999 are also mentioned as they set out a radically different approach to fire precautions than previous legislation by transferring many safety responsibilities directly to the employer. |
| 590 ## - LOCAL NOTE (RLIN) | |
| Local note | ABS |
| 650 ## - SUBJECT ADDED ENTRY--TOPICAL TERM | |
| Topical term or geographic name entry element | MANAGEMENT-HEALTH AND SAFETY-FIRE SAFETY |
| 650 ## - SUBJECT ADDED ENTRY--TOPICAL TERM | |
| Topical term or geographic name entry element | FIRE SAFETY ENGINEERING |
| 650 ## - SUBJECT ADDED ENTRY--TOPICAL TERM | |
| Topical term or geographic name entry element | FIRE PRECAUTIONS ACT 1971 |
| 650 ## - SUBJECT ADDED ENTRY--TOPICAL TERM | |
| Topical term or geographic name entry element | FIRE PRECAUTIONS (WORKPLACE) REGULATIONS 1997 |
| 650 ## - SUBJECT ADDED ENTRY--TOPICAL TERM | |
| Topical term or geographic name entry element | FIRE PRECAUTIONS (WORKPLACE) (AMENDMENT) REGULATIONS 1999 |
| 690 ## - LOCAL SUBJECT ADDED ENTRY--TOPICAL TERM (OCLC, RLIN) | |
| Topical term or geographic name as entry element | Health and safety |
| 9 (RLIN) | 6244 |
| 942 ## - ADDED ENTRY ELEMENTS (KOHA) | |
| Suppress in OPAC | 0 |
| Withdrawn status | Lost status | Source of classification or shelving scheme | Damaged status | Not for loan | Home library | Current library | Shelving location | Date acquired | Total Checkouts | Full call number | Barcode | Date last seen | Copy number | Price effective from | Koha item type |
|---|---|---|---|---|---|---|---|---|---|---|---|---|---|---|---|
| Dewey Decimal Classification | London | London | Journal article | 23/04/2001 | ABS63862 | 112099-1001 | 06/08/2019 | 1 | 06/08/2019 | Journal article |